| 000 | 00518nam a2200181Ia 4500 | ||
|---|---|---|---|
| 008 | 100917s9999 xx 000 0 und d | ||
| 082 | _b27179 | ||
| 100 | _aकालेलकर मधुसूदन | ||
| 245 | _aतो राजहंस अेक | ||
| 260 |
_bकमलिनी फडके _c1975 |
||
| 300 | _a92 | ||
| 365 | _b8 | ||
| 520 | _aनाटक | ||
| 630 | _aतो राजहंस अेक | ||
| 650 | _aनाटक | ||
| 730 | _aतो राजहंस अेक | ||
| 942 | _cBOOK | ||
| 999 |
_c632573 _d632570 |
||